[Event "Goch op 27th"]
[Site "Goch"]
[Date "2016.09.04"]
[Round "7"]
[White "Rohfleisch, Daniel"]
[Black "Pieper, Theo"]
[Result "1/2-1/2"]
[WhiteElo "1912"]
[BlackElo "1364"]
[PlyCount "67"]
[EventDate "2016.09.01"]
[EventType "swiss"]
[EventRounds "7"]
[EventCountry "GER"]
[SourceTitle "EXT 2018"]
[Source "ChessBase"]
[SourceDate "2017.10.13"]
[SourceVersion "1"]
[SourceVersionDate "2017.10.13"]
[SourceQuality "1"]

1. e4 g6 2. d4 Bg7 3. Nc3 d6 4. f4 a6 5. Nf3 Nd7 6. Bc4 b5 7. Bd5 Rb8 8. e5 e6 9. Bc6 d5 10. 0-0 Ne7 11. Bxd7+ Qxd7 12. Ne2 Nf5 13. Qe1 0-0 14. Ng3 Nxg3 15. Qxg3 Bb7 16. c3 Qe7 17. Be3 Bc6 18. a3 Bd7 19. b4 a5 20. h4 h5 21. Nd2 a4 22. Rf3 c6 23. Raf1 Kh7 24. Qh3 f5 25. Rg3 Be8 26. Nf3 Bh6 27. Ng5+ Bxg5 28. hxg5 Kg7 29. Qh2 Bf7 30. Rh3 Rh8 31. Kf2 Rbf8 32. Rh1 Qd8 33. Rh4 Qe8 34. Qg3 1/2-1/2

[Event "Goch op 27th"]
[Site "Goch"]
[Date "2016.09.03"]
[Round "5"]
[White "Pieper, Theo"]
[Black "Flegar, Vlado"]
[Result "0-1"]
[WhiteElo "1364"]
[BlackElo "1716"]
[PlyCount "65"]
[EventDate "2016.09.01"]
[EventType "swiss"]
[EventRounds "7"]
[EventCountry "GER"]
[SourceTitle "EXT 2018"]
[Source "ChessBase"]
[SourceDate "2017.10.13"]
[SourceVersion "1"]
[SourceVersionDate "2017.10.13"]
[SourceQuality "1"]

1. e4 d6 2. d4 e6 3. Nc3 Ne7 4. Nf3 Nd7 5. Be3 g6 6. Qd2 h6 7. Bd3 Bg7 8. d5 e5 9. Ne2 a6 10. Ng3 Nf6 11. h3 g5 12. a3 Ng6 13. Ne2 Nf4 14. Bxf4 gxf4 15. g4 Nh7 16. h4 Bxg4 17. Rg1 h5 18. Qc3 Bf6 19. Nh2 Qd7 20. b3 Bxh4 21. Nxf4 0-0-0 22. Nxg4 hxg4 23. Be2 Nf6 24. Qe3 Kb8 25. Nd3 Rdg8 26. b4 Qa4 27. Bd1 Qb5 28. a4 Qb6 29. Qxb6 cxb6 30. c4 Nxe4 31. Rxg4 Rxg4 32. Bxg4 Rg8 33. Bh5 0-1

[Event "BEL-ch U14"]
[Site "Blankenberge"]
[Date "2015.04.17"]
[Round "8"]
[White "Pieper, Theo"]
[Black "Thienpont, Xander"]
[Result "0-1"]
[WhiteElo "1410"]
[BlackElo "1114"]
[PlyCount "80"]
[EventDate "2015.04.12"]
[EventType "swiss"]
[EventRounds "9"]
[EventCountry "BEL"]
[SourceTitle "CBM 166 Extra"]
[Source "ChessBase"]
[SourceDate "2015.06.18"]
[SourceVersion "1"]
[SourceVersionDate "2015.06.18"]
[SourceQuality "1"]

1. e4 e5 2. f4 d6 3. Nf3 Nc6 4. Bc4 Bg4 5. Bxf7+ Kxf7 6. Ng5+ Qxg5 7. fxg5 Bxd1 8. 0-0+ Ke8 9. Rxd1 g6 10. Nc3 a6 11. Rf1 Bg7 12. Nd5 Rc8 13. b3 Nge7 14. Nf6+ Kd8 15. Bb2 Nb4 16. a3 Nxc2 17. Rac1 Nd4 18. Bxd4 exd4 19. Rc4 c5 20. d3 Nc6 21. Rcc1 Ne5 22. Rcd1 Bxf6 23. Rxf6 Rc6 24. Rdf1 Nxd3 25. Rf8+ Rxf8 26. Rxf8+ Ke7 27. Rh8 Ke6 28. Rxh7 Rb6 29. h4 Rxb3 30. Rh6 Ne5 31. h5 Kf7 32. Rh7+ Kg8 33. hxg6 Nxg6 34. Rh6 Kg7 35. Kf1 Rb2 36. Rh3 c4 37. Ke1 d3 38. Kd1 Nf4 39. Rf3 c3 40. Kc1 d2+ 0-1

[Event "BEL-ch U14"]
[Site "Blankenberge"]
[Date "2015.04.15"]
[Round "6"]
[White "Pieper, Theo"]
[Black "Jaspers, Willem"]
[Result "1-0"]
[WhiteElo "1410"]
[BlackElo "1329"]
[PlyCount "93"]
[EventDate "2015.04.12"]
[EventType "swiss"]
[EventRounds "9"]
[EventCountry "BEL"]
[SourceTitle "CBM 166 Extra"]
[Source "ChessBase"]
[SourceDate "2015.06.18"]
[SourceVersion "1"]
[SourceVersionDate "2015.06.18"]
[SourceQuality "1"]

1. e4 e5 2. f4 exf4 3. Nf3 Nf6 4. Nc3 Nc6 5. Bc4 Bb4 6. e5 Ng4 7. Bxf7+ Kxf7 8. d3 Rf8 9. Bxf4 Kg8 10. g3 Re8 11. Qe2 d6 12. d4 Nxd4 13. Qc4+ d5 14. Qxd4 c5 15. Qd3 d4 16. a3 Ba5 17. b4 cxb4 18. axb4 Bxb4 19. Qc4+ Kh8 20. Qxb4 dxc3 21. 0-0 b6 22. Qxc3 Bb7 23. h3 Nh6 24. e6 Rxe6 25. Ne5 Qd5 26. Rf3 Qc5+ 27. Qxc5 bxc5 28. Re3 Kg8 29. Rae1 Nf5 30. Rb3 Rb8 31. Nf3 Rxe1+ 32. Nxe1 Nd4 33. Bxb8 Nxb3 34. cxb3 a6 35. Nd3 Bc6 36. Nxc5 Bb5 37. Kf2 Kf8 38. Ke3 Ke7 39. Be5 g6 40. Ne4 Bf1 41. h4 Kf8 42. Kf4 Bd3 43. Nf6 h5 44. Kg5 Kf7 45. Bc3 Bb5 46. b4 Kg7 47. Nxh5+ 1-0

[Event "BEL-ch U14"]
[Site "Blankenberge"]
[Date "2015.04.13"]
[Round "3"]
[White "Gheury, Hugo"]
[Black "Pieper, Theo"]
[Result "0-1"]
[WhiteElo "1150"]
[BlackElo "1410"]
[PlyCount "36"]
[EventDate "2015.04.12"]
[EventType "swiss"]
[EventRounds "9"]
[EventCountry "BEL"]
[SourceTitle "CBM 166 Extra"]
[Source "ChessBase"]
[SourceDate "2015.06.18"]
[SourceVersion "1"]
[SourceVersionDate "2015.06.18"]
[SourceQuality "1"]

1. e4 a6 2. d4 b5 3. Nc3 Bb7 4. Nf3 b4 5. Nd5 e6 6. Nxb4 Bxb4+ 7. c3 Be7 8. Bd3 c5 9. Be3 c4 10. Bxc4 Bxe4 11. Nd2 Bxg2 12. Rg1 d5 13. Be2 Bh3 14. Rxg7 Qd6 15. Nf3 Nd7 16. Bd3 e5 17. Bxh7 Ngf6 18. Bf5 Bxf5 0-1